000 00307nam a22000977a 4500
008 150616b xxu||||| |||| 00| 0 eng d
010 _8HCCRSF:002
245 _aHIGH COURT CRIMINAL SESSION NO.591 OF 1969 Uganda Vs Kabirigi s/o Kawanjera
260 _aHigh Court Kampala
500 _3BEFORE: Hon. Mr. Justice Mead
999 _c6207
_d6207